Best Shooters in NBA History - Statistics

General Stats
  • This quiz has been taken 40 times
  • The average score is 5 of 10
Answer Stats
Rank Answer % Correct
1 Stephen Curry
94%
3 Ray Allen
88%
2 Klay Thompson
79%
4 Reggie Miller
70%
5 James Harden
64%
7 Kyle Korver
48%
6 Kevin Durant
45%
10 Vince Carter
15%
9 JJ Redick
12%
8 Peja Stojakovic
3%
No matching quizzes found
Score Distribution
Percent of People with Each Score
Percentile by Number Answered
Your Score History
You have not taken this quiz